Hist / (Record no. 52065)

MARC details
000 -LEADER
fixed length control field 01122cam a2200337 a 4500
001 - CONTROL NUMBER
control field 15472239
005 - DATE AND TIME OF LATEST TRANSACTION
control field 20180206131813.0
008 - FIXED-LENGTH DATA ELEMENTS--GENERAL INFORMATION
fixed length control field 080915s2010 mauab 001 0 eng
010 ## - LIBRARY OF CONGRESS CONTROL NUMBER
LC control number 2008937532
020 ## - INTERNATIONAL STANDARD BOOK NUMBER
International Standard Book Number 9780495005278 (comprehensive, student ed. package)
020 ## - INTERNATIONAL STANDARD BOOK NUMBER
International Standard Book Number 9780495793793 (student ed.)
020 ## - INTERNATIONAL STANDARD BOOK NUMBER
International Standard Book Number 9780495005285 (v. 1)
020 ## - INTERNATIONAL STANDARD BOOK NUMBER
International Standard Book Number 9780495005292 (v. 2)
040 ## - CATALOGING SOURCE
Original cataloging agency DLC
Transcribing agency DLC
043 ## - GEOGRAPHIC AREA CODE
Geographic area code n-us---
050 00 - LIBRARY OF CONGRESS CALL NUMBER
Classification number E178.1
Item number .S38 2010
100 1# - MAIN ENTRY--PERSONAL NAME
Personal name Schultz, Kevin M.
651 #0 - SUBJECT ADDED ENTRY--GEOGRAPHIC NAME
Geographic name United States
245 10 - TITLE STATEMENT
Title Hist /
Statement of responsibility, etc Kevin M. Schultz.
246 3# - VARYING FORM OF TITLE
Title proper/short title History
250 ## - EDITION STATEMENT
Edition statement Student ed.
260 ## - PUBLICATION, DISTRIBUTION, ETC. (IMPRINT)
Place of publication, distribution, etc Boston :
Name of publisher, distributor, etc Wadsworth, Cengage Learning,
Date of publication, distribution, etc 2010.
300 ## - PHYSICAL DESCRIPTION
Extent xii, 276 p. :
Other physical details col. ill., col. maps ;
Dimensions 28 cm.
500 ## - GENERAL NOTE
General note Cover title.
500 ## - GENERAL NOTE
General note Includes index.
500 ## - GENERAL NOTE
General note Includes tear-out chapter review cards and access to online multimedia learning tools.
651 #0 - SUBJECT ADDED ENTRY--GEOGRAPHIC NAME
General subdivision History
Form subdivision Textbooks.
906 ## - LOCAL DATA ELEMENT F, LDF (RLIN)
a 7
b cbc
c orignew
d 2
e epcn
f 20
g y-gencatlg
942 ## - ADDED ENTRY ELEMENTS (KOHA)
Source of classification or shelving scheme Library of Congress Classification
Item type Book
Holdings
Withdrawn status Lost status Source of classification or shelving scheme Damaged status Not for loan Collection code Home library Current library Shelving location Date acquired Source of acquisition Total Checkouts Full call number Barcode Copy number Price effective from Koha item type
    Library of Congress Classification     Non-fiction Nairobi Campus Nairobi Campus General Circulation 06/02/2018 Donation-BFA   E178.1 .S38 2010 057466 1 06/02/2018 Book